Les meilleurs dessin animés de tout les temps - Statistiques

Statistiques générales
  • Ce quiz a été pris 216 fois
  • Le résultat moyen est 8 sur 50
Statistiques - réponses
Dates de diffusions Dessins Animés % Correct
1996 Pokémon
50%
1940 Tom et Jerry
37%
2001 Totally Spies
37%
1998 Oggy et les Cafard
34%
1983 Olive et Tom
33%
1975 Goldorak
32%
1969 Scooby-Doo
31%
2000 Dora l'exploratrice
30%
2005 Foot de Rue
30%
1997 Les Zinzins de l'Espace
29%
1980 Tom Sawyer
29%
2001 Titeuf
28%
1978 Capitaine Flam
26%
1989 Dragon Ball Z
26%
1999 Bob L'éponge
25%
1983 Inspecteur Gadget
24%
1996 Franklin
19%
1997 T'choupi
19%
1978 Candy
18%
1929 Looney Tunes
18%
1969 La Panthère Rose
17%
1999 Le Marsupilami
17%
1974 Barbapapa
15%
1990 Les Razmoket
13%
1992 Batman
11%
1912 Maya l'Abeille
11%
1987 Nicky Larson
11%
2010 Les Daltons
9%
1998 Les Super Nanas
9%
1987 Il était une fois la vie
8%
1994 Spider Man
8%
1987 Tortues Ninja
8%
1988 Winnie L'ourson
8%
1982 Cobra
6%
2005 Yakari
6%
1996 Hé Arnold
4%
1978 Il était une fois L'Homme
4%
1996 Le Laboratoire de Dexter
4%
1982 Les Mystérieuse Cité D'or
4%
1930 Betty Boop
3%
1987 La Bande à Picsou
3%
1988 Les Chevaliers du Zodiac
3%
1999 Famille Pirates
2%
2011 Lego Ninjago
2%
1978 Albator 78
1%
1949 Bip Bip et Coyote
1%
2001 La Ligue des Justiciers
1%
1992 Les Aventure de Tintin
1%
1968 Les Fous du Volent
1%
1984 Sherlock Holmes
1%
Aucun quiz correspondant
Distribution des résultats
% des personnes avec chaque résultat
Percentile par nombre de réponses
Votre historique - résultats
Vous n’avez pas pris ce quiz